00602nam a2200205Ia 450000500170000000800410001702000210005804000190007904100120009808200170011010000200012724500800014725000120022726000340023930000150027350400380028865000380032670000210036485000110038520240305100035.0131103s9999 xx 000 0 und d a876927002cRs.79 aLoreto College aEnglish a371.26 bEBE aEbel, Robert L. aEssentials of Educational Mesurement, cRobert L.Ebel and David A.Frisbie a5th ed. aNew DelhibPrentic Hallc1991 axii,370p.  aIncludes author and subject index aEducational tests and measurments aFrisble, David L aLCLIB